Países Invadidos pela União Soviética - Statistics

Estatísticas Gerais
  • Esse quiz foi jogado 13 095 vezes
    11 757 desde o último reset
  • A pontuação média é 8 de 14
Estatísticas das Respostas
Ano País % Correto
1945 Alemanha
88%
1939 Polônia
84%
1934 China
70%
1939 Finlândia
66%
1940 Estônia
65%
1940 Letônia
65%
1940 Lituânia
65%
1945 Japão
63%
1940 Romênia
57%
1944, 1956 Hungria
56%
1944 Bulgária
49%
1979 Afeganistão
44%
1941 Irã
32%
1968 Tchecoslováquia
29%
Nenhum quiz correspondente encontrado
Distribuição das Pontuações
Porcentagem de Pessoas com Cada Pontuação
Percentil de Números Respondidos
Sua Pontuação Histórica
Você não jogou esse quiz desde o último reset